000 00415pab a2200145 454500
008 180718b2003 xxu||||| |||| 00| 0 eng d
100 _aRao, M. Jagannadha M.
245 _aGeomorphology and land use pattern of Visakhapatnam urban - industrial area
260 _c2003
300 _ap.119-28.
362 _aJun
650 _aLand use
773 _aJournal of the Indian Society of Remote Sensing
909 _a57219
999 _c57219
_d57219